[Event "Eastpointe (MI Action/2/12)"]
[Site "?"]
[Date "1993.??.??"]
[Round "?"]
[White "Herron, J."]
[Black "Walker, Douglas"]
[Result "0-1"]
[WhiteElo "1815"]
[BlackElo "1955"]
[PlyCount "70"]
[EventDate "1993.??.??"]

{2/(12)} 1. Nf3 d5 2. g3 Nf6 3. Bg2 c5 4. d3 Nc6 5. O-O e5 6. c4 Be7 7. Bg5 Be6
8. Nbd2 O-O 9. Rb1 Qd7 10. Ne1 Rad8 11. b3 Bh3 12. f4 Bxg2 13. Nxg2 Qh3 14.
Bxf6 Bxf6 15. Qe1 Rfe8 16. Qf2 e4 17. cxd5 e3 18. Nxe3 Bd4 19. Ne4 Rxd5 20. Qf3
Rh5 21. Rf2 Kf8 22. Ng5 Rxg5 23. fxg5 Ne5 24. Qe4 Nxd3 25. Qxd3 Rxe3 26. Qc4
Rxg3+ 27. hxg3 Qxg3+ 28. Kh1 Qxf2 29. e4 Qh4+ 30. Kg2 Qxe4+ 31. Kg3 Qxb1 32.
Qd5 Qd3+ 33. Kg2 Qe2+ 34. Kg3 Qe5+ 35. Qxe5 Bxe5+ 0-1

[Event "Eastpointe (MI Action/4/11)"]
[Site "?"]
[Date "1993.??.??"]
[Round "?"]
[White "Herron, J."]
[Black "Smith, Walt"]
[Result "0-1"]
[WhiteElo "1715"]
[BlackElo "1955"]
[PlyCount "53"]
[EventDate "1993.??.??"]

{4/(11)} 1. Nf3 d5 2. g3 g6 3. Bg2 Bg7 4. d3 e5 5. O-O Ne7 6. Nbd2 O-O 7. c4
Nbc6 8. e4 dxc4 9. dxc4 Bg4 10. h3 Bxf3 11. Nxf3 Re8 12. Qa4 Qd3 13. Re1 Rad8
14. Bd2 a6 15. Rad1 b5 16. Qxa6 bxc4 17. Re3 Qc2 18. Rc1 Qxb2 19. Qxc4 Rxd2 20.
Nxd2 Qxd2 21. Rd3 Qa5 22. a4 Ra8 23. Ra1 Nd4 24. Kh2 h5 25. h4 Ra6 26. Qc1 Kh7
27. Ra2 0-1

[Event "Eastpointe (MI Action/6/11)"]
[Site "?"]
[Date "1993.??.??"]
[Round "?"]
[White "Herron, J."]
[Black "Skidmore, Jennifer"]
[Result "1/2-1/2"]
[WhiteElo "1715"]
[BlackElo "1905"]
[PlyCount "67"]
[EventDate "1993.??.??"]

{6/(11)} 1. Nf3 d6 2. g3 e5 3. d3 Nc6 4. Bg2 Be7 5. Nc3 f5 6. e4 Nf6 7. exf5
Bxf5 8. Nh4 Bg4 9. Bf3 Be6 10. Be3 d5 11. d4 e4 12. Be2 O-O 13. Qd2 Bb4 14. a3
Ba5 15. b4 Bb6 16. O-O a5 17. b5 Ne7 18. a4 Bh3 19. Rfe1 c6 20. Ng2 Ng6 21. Bf1
Bc7 22. Rab1 Ng4 23. Ne2 Rf3 24. Ngf4 Bxf1 25. Rxf1 Nh4 26. Ne6 Qd7 27. Nxc7
Qxc7 28. Bf4 Rxf4 29. Qxf4 Nf3+ 30. Kg2 Qxf4 31. Nxf4 Nd2 32. bxc6 bxc6 33. Rb7
Nxf1 34. Kxf1 1/2-1/2

[Event "Troy (TCC/C/2/13)"]
[Site "?"]
[Date "1993.??.??"]
[Round "?"]
[White "Hayes, P."]
[Black "Schafer, Jurgen"]
[Result "0-1"]
[WhiteElo "1605"]
[BlackElo "1605"]
[PlyCount "100"]
[EventDate "1993.??.??"]

{2/(13)} 1. c4 Nf6 2. g3 c6 3. Nc3 e6 4. e4 d6 5. Bg2 Be7 6. Nf3 Nbd7 7. O-O
O-O 8. d4 e5 9. dxe5 dxe5 10. Qd3 Qc7 11. Bg5 Nc5 12. Qe2 Be6 13. Rfd1 Rad8 14.
Bxf6 Bxf6 15. Rxd8 Rxd8 16. Rd1 Rxd1+ 17. Nxd1 Qd7 18. b3 Bg4 19. Nc3 b6 20.
Qd2 Qxd2 21. Nxd2 Bg5 22. Ncb1 Be2 23. Bf1 Bd3 24. Bxd3 Nxd3 25. h4 Bxd2 26.
Nxd2 a5 27. Kf1 Kf8 28. Ke2 Nc1+ 29. Ke3 Nxa2 30. f4 f6 31. fxe5 fxe5 32. g4
Kf7 33. Kd3 Ke6 34. Kc2 Nb4+ 35. Kc3 c5 36. Nf3 h6 37. Ne1 Nc6 38. Kd3 Nd4 39.
Kc3 Kf6 40. Nc2 Nf3 41. Ne3 Nxh4 42. Nd5+ Kg5 43. Nxb6 Kxg4 44. Na4 Ng2 45.
Nxc5 h5 46. Nd3 h4 47. Nxe5+ Kg3 48. Nc6 h3 49. Nxa5 h2 50. Kb4 h1=Q {[0-1,
60?]} 0-1

[Event "Troy (TCC/C/5/9)"]
[Site "?"]
[Date "1993.??.??"]
[Round "?"]
[White "Hayes, P."]
[Black "Rosebrook, G."]
[Result "1-0"]
[WhiteElo "1605"]
[BlackElo "1605"]
[PlyCount "53"]
[EventDate "1993.??.??"]

{5/(9)} 1. e4 c5 2. Nf3 g6 3. d4 cxd4 4. Nxd4 Nf6 5. Nc3 d6 6. Bg5 Bg7 7. Bd3
Nc6 8. Bb5 Bd7 9. Nf3 Rc8 10. O-O O-O 11. Re1 Bg4 12. h3 Bxf3 13. Qxf3 Ne5 14.
Qe3 a6 15. Be2 b5 16. a3 Rc6 17. Bh6 Qd7 18. Bxg7 Kxg7 19. b3 Rfc8 20. Nd5 Nxd5
21. exd5 Rxc2 22. f4 R8c3 23. Qd4 Rxb3 24. fxe5 dxe5 25. Qxe5+ f6 26. Qe4 Qd6
27. Qxc2 1-0

[Event "East Lansing (MOR/3/37)"]
[Site "?"]
[Date "1993.??.??"]
[Round "?"]
[White "Hayes, P."]
[Black "Krzyston, Joe"]
[Result "0-1"]
[WhiteElo "1605"]
[BlackElo "1605"]
[PlyCount "52"]
[EventDate "1993.??.??"]

{3/(37)} 1. e4 e5 2. Nf3 d6 3. Bc4 Be6 4. Bxe6 fxe6 5. d4 Nc6 6. O-O Nf6 7. Re1
Be7 8. a3 O-O 9. d5 exd5 10. exd5 Nb8 11. Ng5 Qd7 12. Ne6 Rc8 13. c4 c6 14. Nc3
cxd5 15. cxd5 b6 16. Bg5 Ne8 17. Ne4 h6 18. Bxe7 Qxe7 19. Re3 Na6 20. Ng3 g6
21. Qd3 Nc5 22. Qxg6+ Kh8 23. Rf3 Nxe6 24. dxe6 Qg7 25. Qxh6+ Qxh6 26. Nf5 Rc1+
0-1

[Event "East Lansing (MOR/5/42)"]
[Site "?"]
[Date "1993.??.??"]
[Round "?"]
[White "Hayes, P."]
[Black "Kincare, K."]
[Result "1-0"]
[WhiteElo "1605"]
[BlackElo "1605"]
[PlyCount "65"]
[EventDate "1993.??.??"]

{5/(42)} 1. e4 Nf6 2. e5 Nd5 3. c4 Nb6 4. d4 d6 5. exd6 cxd6 6. Nc3 g6 7. Be3
Bg7 8. Bd3 O-O 9. Nf3 Nc6 10. h3 Nb4 11. Be2 d5 12. a3 Nxc4 13. Bxc4 dxc4 14.
axb4 e5 15. O-O Bf5 16. Nxe5 Bxe5 17. dxe5 Qxd1 18. Rfxd1 Rfe8 19. Rxa7 Rxa7
20. Bxa7 Rxe5 21. Rd8+ Kg7 22. Bd4 f6 23. Bxe5 fxe5 24. Rb8 h5 25. Rxb7+ Kh6
26. h4 e4 27. Re7 g5 28. Nxe4 gxh4 29. f3 h3 30. gxh3 Bxh3 31. b5 h4 32. b6 Bc8
33. b7 1-0

[Event "East Lansing (MOR/1a/3)"]
[Site "?"]
[Date "1993.??.??"]
[Round "?"]
[White "Hayes, P."]
[Black "Imai, Toshio"]
[Result "0-1"]
[WhiteElo "1605"]
[BlackElo "1750"]
[PlyCount "64"]
[EventDate "1993.??.??"]

1. e4 e5 2. Nf3 Nc6 3. d3 Bc5 4. Be2 Nf6 5. O-O d6 6. Bg5 h6 7. Bh4 Bg4 8. c3
Qd7 9. Nbd2 g5 10. Bg3 Nh5 11. Re1 Nxg3 12. hxg3 O-O-O 13. Nb3 h5 14. Nxg5 Bxe2
15. Qxe2 h4 16. Nxc5 dxc5 17. g4 Rdg8 18. Nh3 Rxg4 19. f3 Rg3 20. Qe3 Qxh3 21.
Re2 Rhg8 22. Qd2 Qe6 23. d4 cxd4 24. cxd4 Nxd4 25. Rf2 Nxf3+ 26. Rxf3 Rxf3 27.
Rd1 Rfg3 28. Kh1 h3 29. Rg1 hxg2+ 30. Rxg2 Qh3+ 31. Kg1 Rxg2+ 32. Qxg2 Qxg2#
0-1

[Event "Troy (TCC/C/2/11)"]
[Site "?"]
[Date "1993.??.??"]
[Round "?"]
[White "Hayes, P."]
[Black "Carvell, John"]
[Result "1-0"]
[WhiteElo "1605"]
[BlackElo "1605"]
[PlyCount "55"]
[EventDate "1993.??.??"]

{2/(11)} 1. e4 e5 2. Nf3 Nc6 3. g3 Bc5 4. d3 d6 5. Bg2 Nf6 6. O-O Bg4 7. Re1
Qd7 8. Nbd2 O-O-O 9. c3 h5 10. b4 Bb6 11. Qb3 h4 12. Nxh4 g5 13. Nhf3 Bh3 14.
Bh1 Ng4 15. d4 exd4 16. Nc4 dxc3 17. Nxb6+ cxb6 18. Qxc3 Kb8 19. Bxg5 Rde8 20.
Bf4 Nge5 21. Nxe5 Nxe5 22. Red1 f6 23. Qd4 Re6 24. a4 Rh4 25. gxh4 Qg7+ 26. Bg3
Qg4 27. Qe3 Ng6 28. Bf3 1-0

[Event "Lansing (MI Am/2)"]
[Site "?"]
[Date "1993.??.??"]
[Round "?"]
[White "Hayes, P."]
[Black "Banks, David"]
[Result "1-0"]
[WhiteElo "1605"]
[BlackElo "1605"]
[PlyCount "95"]
[EventDate "1993.??.??"]

1. e4 e6 2. d4 d6 3. Nf3 Nc6 4. Be3 e5 5. d5 Nb4 6. c3 Na6 7. b4 c6 8. Qa4 Bd7
9. dxc6 Bxc6 10. b5 Ne7 11. bxc6 Nxc6 12. Bb5 Nc5 13. Bxc6+ bxc6 14. Qxc6+ Ke7
15. Bxc5 dxc5 16. Qxc5+ Ke8 17. Qxe5+ Be7 18. Qxg7 Bf6 19. Qh6 Rg8 20. O-O Rc8
21. e5 Bg7 22. Qxh7 Ke7 23. Qh4+ f6 24. exf6+ Bxf6 25. Qb4+ Kf7 26. Qb3+ Kf8
27. a4 Rh8 28. Ra2 Qd3 29. Rd2 Qh7 30. Qe6 Re8 31. Qxf6+ Kg8 32. Rd8 Rxd8 33.
Qxd8+ Kg7 34. Qe7+ Kg8 35. Qxh7+ Rxh7 36. Nbd2 a5 37. Ng5 Rd7 38. Nde4 Kg7 39.
c4 Rd4 40. Ne6+ Kg6 41. Nxd4 Kf7 42. c5 Ke8 43. c6 Ke7 44. Nb5 Ke6 45. c7 Kd5
46. c8=Q Kxe4 47. Re1+ Kd3 48. Qc3# 1-0

[Event "Lansing (MI Am/4)"]
[Site "?"]
[Date "1993.??.??"]
[Round "?"]
[White "Hayes, P."]
[Black "Aldrich, Justin"]
[Result "1-0"]
[WhiteElo "1605"]
[BlackElo "1605"]
[PlyCount "51"]
[EventDate "1993.??.??"]

1. e4 e5 2. Nf3 Nc6 3. Bc4 Bc5 4. O-O Nf6 5. Re1 O-O 6. Nxe5 Nxe5 7. d4 Nxc4 8.
dxc5 Qe7 9. Qd4 d5 10. Bg5 h6 11. Bh4 b5 12. Nc3 c6 13. e5 Re8 14. f4 Bf5 15.
exf6 Qc7 16. fxg7 Nxb2 17. Qf6 Qxf4 18. g3 Qd2 19. Rxe8+ Rxe8 20. Qxf5 Re1+ 21.
Rxe1 Qxe1+ 22. Kg2 Qxc3 23. Bf6 Qd2+ 24. Kh3 Nc4 25. Qc8+ Kh7 26. g8=Q# 1-0

[Event "Troy (TCC/B/1a/6)"]
[Site "?"]
[Date "1993.??.??"]
[Round "?"]
[White "Hawley, T."]
[Black "Venia, Mike"]
[Result "1-0"]
[WhiteElo "1755"]
[BlackElo "1605"]
[PlyCount "61"]
[EventDate "1993.??.??"]

1. e4 c5 2. Nf3 d6 3. d4 cxd4 4. Nxd4 Nf6 5. Nc3 e5 6. Nf3 a6 7. a4 Nbd7 8. Bc4
Qc7 9. Ba2 Nc5 10. Nd5 Nxd5 11. Bxd5 Be6 12. O-O a5 13. Ng5 Be7 14. Nxe6 fxe6
15. Bc4 O-O 16. Qg4 Qd7 17. Be3 Rf6 18. Rfd1 Rg6 19. Qh3 Nxe4 20. Bd3 Ng5 21.
Qg4 e4 22. Bb5 Qc8 23. Bxg5 Rxg5 24. Qxe4 d5 25. Qe2 Bc5 26. Rd3 Kh8 27. Rh3
Qf8 28. Bd3 h6 29. Rf1 Qd6 30. Qd2 Bb4 31. Qxg5 1-0

[Event "Lansing (MI Am/1)"]
[Site "?"]
[Date "1993.??.??"]
[Round "?"]
[White "Hawley, T."]
[Black "Spencer, Gordon"]
[Result "1-0"]
[WhiteElo "1755"]
[BlackElo "1605"]
[PlyCount "61"]
[EventDate "1993.??.??"]

1. e4 e5 2. Nf3 Nf6 3. Nc3 Bb4 4. d4 Bxc3+ 5. bxc3 Nxe4 6. Qd3 Nxf2 7. Kxf2
exd4 8. Ba3 d6 9. Re1+ Be6 10. cxd4 O-O 11. d5 Bg4 12. Bb2 Nd7 13. Be2 Bh5 14.
Rhf1 Bg6 15. Qd4 f6 16. Ng5 Nc5 17. Kg1 h6 18. Ne6 Nxe6 19. dxe6 Qe7 20. Rf3 c5
21. Qg4 Be8 22. Rg3 g6 23. Bd3 f5 24. Bxf5 g5 25. Qh3 h5 26. Ra3 d5 27. Rg3 b5
28. Bc1 Qf6 29. Rxg5+ Kh8 30. Rxh5+ Bxh5 31. Qxh5+ 1-0

[Event "Flint (Class B/4)"]
[Site "?"]
[Date "1993.??.??"]
[Round "?"]
[White "Hawley, T."]
[Black "Roberts, Kenneth"]
[Result "1/2-1/2"]
[WhiteElo "1760"]
[BlackElo "1770"]
[PlyCount "47"]
[EventDate "1993.??.??"]

1. e4 e6 2. d4 d5 3. Nc3 Nf6 4. e5 Nfd7 5. f4 a6 6. Qg4 c5 7. Nf3 Nc6 8. Ne2
Qa5+ 9. Bd2 Qb6 10. Bc3 Qc7 11. a4 Nb4 12. Bxb4 cxb4 13. c3 Qa5 14. Kf2 Nb6 15.
Ng3 bxc3 16. bxc3 Qxc3 17. Be2 Nc4 18. Bxc4 dxc4 19. Rhc1 Qd3 20. Ne2 Bd7 21.
Rc3 Qg6 22. Qxg6 hxg6 23. Rxc4 Bc6 24. h3 1/2-1/2

[Event "Ann Arbor (HV Mini)"]
[Site "?"]
[Date "1993.??.??"]
[Round "?"]
[White "Hawley, T."]
[Black "McGrath, Michael"]
[Result "0-1"]
[WhiteElo "1760"]
[BlackElo "1640"]
[PlyCount "60"]
[EventDate "1993.??.??"]

1. e4 d5 2. exd5 Nf6 3. c4 c6 4. d6 exd6 5. d4 Be7 6. Nf3 O-O 7. Bd3 Bg4 8. O-O
Nbd7 9. Nc3 c5 10. Be3 cxd4 11. Bxd4 Ne5 12. Be2 Bxf3 13. Bxf3 Nxc4 14. Re1 Rb8
15. Bxa7 Ra8 16. Qd4 Na5 17. Re2 Nc6 18. Bxc6 bxc6 19. Rae1 c5 20. Qa4 Re8 21.
Bb6 Qxb6 22. Rxe7 Red8 23. Qf4 Qxb2 24. Qe3 Qb8 25. Qf3 Rf8 26. Rb1 Qd8 27.
Rbb7 Rb8 28. a4 Rxb7 29. Qxb7 d5 30. Nb5 Qa8 $138 0-1

[Event "Ann Arbor (HVA/2/2)"]
[Site "?"]
[Date "1993.??.??"]
[Round "?"]
[White "Hawley, T."]
[Black "Jendras, Gerard"]
[Result "0-1"]
[WhiteElo "1755"]
[BlackElo "1925"]
[PlyCount "46"]
[EventDate "1993.??.??"]

{2/(2)} 1. e4 e5 2. Nf3 Nc6 3. Nc3 Nf6 4. d4 exd4 5. Nd5 Nb4 6. Nxd4 Nbxd5 7.
exd5 Nxd5 8. Nf5 Bb4+ 9. c3 Nxc3 10. Nxg7+ Kf8 11. bxc3 Bxc3+ 12. Bd2 Bxg7 13.
Rb1 b6 14. Qf3 d5 15. Bb5 Qe7+ 16. Kd1 Bb7 17. Bc6 Bxc6 18. Bb4 Ba4+ 19. Kd2 c5
20. Rhe1 Qg5+ 21. Kd3 Qg6+ 22. Kd2 Bh6+ 23. Kc3 Qc2# 0-1

[Event "Lansing (MI Am/3)"]
[Site "?"]
[Date "1993.??.??"]
[Round "?"]
[White "Hawley, T."]
[Black "Golonka, Stan"]
[Result "0-1"]
[WhiteElo "1755"]
[BlackElo "1960"]
[PlyCount "50"]
[EventDate "1993.??.??"]

1. e4 c5 2. Nf3 Nc6 3. d4 cxd4 4. Nxd4 e5 5. Nf3 Nf6 6. Nc3 Bb4 7. Bg5 Bxc3+ 8.
bxc3 Qa5 9. Bd3 Qxc3+ 10. Bd2 Qc5 11. O-O h6 12. Rb1 O-O 13. Nh4 d5 14. Rb5 Qd6
15. exd5 a6 16. Rb1 Qxd5 17. a3 e4 18. Be2 g5 19. Bc3 Qxd1 20. Rfxd1 Nh7 21.
Ng6 Re8 22. Bc4 Be6 23. Bxe6 Rxe6 24. Rxb7 Rxg6 25. Rdd7 Rd8 0-1

[Event "Ann Arbor (HVA/3/12)"]
[Site "?"]
[Date "1993.??.??"]
[Round "?"]
[White "Hawley, T."]
[Black "Davis, Michael"]
[Result "0-1"]
[WhiteElo "1755"]
[BlackElo "1605"]
[PlyCount "66"]
[EventDate "1993.??.??"]

{3/(12)} 1. e4 c5 2. Nf3 d6 3. d4 cxd4 4. Nxd4 Nf6 5. Nc3 a6 6. Bg5 e6 7. f4
Be7 8. Qf3 Qc7 9. Bd3 Nbd7 10. Nb3 b5 11. O-O Bb7 12. a3 h6 13. Bxf6 Nxf6 14.
Qg3 g5 15. Rae1 O-O-O 16. f5 e5 17. Ne2 g4 18. c4 bxc4 19. Bxc4 Nxe4 20. Qd3
Qb6+ 21. Kh1 Nf2+ 22. Rxf2 Qxf2 23. Rg1 Qb6 24. Bxf7 h5 25. f6 Bf8 26. Nd2 Kb8
27. Bd5 h4 28. Nc4 Qc5 29. Nc3 Bh6 30. b4 Qd4 31. Qxd4 exd4 32. Bxb7 dxc3 33.
Be4 d5 0-1

[Event "Flint (Class B/1)"]
[Site "?"]
[Date "1993.??.??"]
[Round "?"]
[White "Hawley, T."]
[Black "Alliston, Richard"]
[Result "1-0"]
[WhiteElo "1760"]
[BlackElo "1650"]
[PlyCount "111"]
[EventDate "1993.??.??"]

1. e4 e5 2. Nf3 d6 3. d4 exd4 4. Nxd4 Nf6 5. Nc3 Be7 6. Bd3 Bd7 7. O-O Nc6 8.
Be3 O-O 9. Nd5 Ne5 10. Nxf6+ Bxf6 11. Be2 a6 12. f4 Ng6 13. c3 Re8 14. Bd3 c5
15. Nc2 Qc7 16. Bc4 b5 17. Bd5 Bc6 18. Qh5 Bxd5 19. Qxd5 Ne7 20. Qh5 g6 21. Qf3
Qb7 22. Rad1 Rad8 23. Bf2 Nc8 24. Rfe1 Nb6 25. Re2 Nc4 26. b3 Nb6 27. Red2 Nc8
28. Rd5 c4 29. e5 Be7 30. Bc5 Qc6 31. Nb4 Qb7 32. exd6 Bf8 33. d7 Bxc5+ 34. Kh1
Rxd7 35. Rxd7 Qxd7 36. h3 Qxd1+ 37. Qxd1 cxb3 38. axb3 a5 39. Nd5 Kg7 40. Qa1
Bf2 41. Qxa5 Nd6 42. Qa6 Ne4 43. g4 Re6 44. Qxb5 Nd2 45. Kg2 Bh4 46. b4 Re1 47.
Qd3 Ne4 48. Qd4+ Kg8 49. Qc4 Nd6 50. Qd3 Re6 51. c4 Ne4 52. c5 Ng3 53. g5 Re2+
54. Kf3 Re1 55. Nf6+ Kg7 56. Qd8 1-0

[Event "Eastpointe (EDO/2/20)"]
[Site "?"]
[Date "1993.??.??"]
[Round "?"]
[White "Hartwig, W."]
[Black "Puryear, Douglas"]
[Result "1-0"]
[WhiteElo "1605"]
[BlackElo "1605"]
[PlyCount "55"]
[EventDate "1993.??.??"]

{2/(20)} 1. d4 d5 2. e3 e6 3. Bd3 c5 4. c3 c4 5. Bc2 Qg5 6. Nf3 Qxg2 7. Rg1 Qh3
8. Ne5 Nf6 9. Nf3 a6 10. Rg3 Qh5 11. Rg5 Qh6 12. Rg1 Ne4 13. Nbd2 Nxd2 14. Bxd2
Qf6 15. Ne5 Bd6 16. Ng4 Qh4 17. Rg2 O-O 18. Qf3 Bd7 19. Nf6+ Kh8 20. Nxh7 Rg8
21. Qxf7 Be8 22. Qxb7 Bc6 23. Qf7 Qh3 24. Qg6 Be8 25. Qg4 Qxg4 26. Rxg4 Bxh2
27. O-O-O g6 28. Nf6 1-0

[Event "Eastpointe (EDO/4/13)"]
[Site "?"]
[Date "1993.??.??"]
[Round "?"]
[White "Hartwig, W."]
[Black "Paldan, G."]
[Result "0-1"]
[WhiteElo "1605"]
[BlackElo "1850"]
[PlyCount "72"]
[EventDate "1993.??.??"]

{4/(13)} 1. d4 Nf6 2. e3 c5 3. Bd3 Nc6 4. c3 d6 5. Nd2 g6 6. Ngf3 Bg7 7. O-O
O-O 8. c4 cxd4 9. exd4 d5 10. cxd5 Nxd5 11. a3 Nxd4 12. Nb3 Nc6 13. Qd2 e6 14.
Bc4 Nce7 15. Bxd5 Nxd5 16. Ng5 b6 17. f4 Bb7 18. Qd3 a5 19. a4 Ba6 20. Qh3 h6
21. Nxe6 fxe6 22. Qxe6+ Kh7 23. Rd1 Bb7 24. Nd4 Rf6 25. Qg4 Qe8 26. f5 gxf5 27.
Nxf5 Qg6 28. Qxg6+ Rxg6 29. Nxg7 Rxg7 30. Ra3 Rag8 31. Rg3 Rxg3 32. hxg3 Rxg3
33. Kh2 Rg7 34. b3 Nf6 35. Bb2 Rxg2+ 36. Kh3 Rxb2 0-1

[Event "Eastpointe (EDO/3/16)"]
[Site "?"]
[Date "1993.??.??"]
[Round "?"]
[White "Hartwig, W."]
[Black "Collins, Charles"]
[Result "1/2-1/2"]
[WhiteElo "1605"]
[BlackElo "1725"]
[PlyCount "78"]
[EventDate "1993.??.??"]

{3/(16)} 1. d4 Nf6 2. e3 d6 3. Bd3 g6 4. Nd2 Bg7 5. Ngf3 O-O 6. O-O Nbd7 7. Ne4
c5 8. Nxf6+ Bxf6 9. dxc5 Nxc5 10. Be2 Bd7 11. Nd2 Rc8 12. f4 Bg7 13. Qe1 Bf5
14. Nf3 Bxc2 15. Qh4 e6 16. Qg3 Bd3 17. Qf2 Ne4 18. Qe1 Bc2 19. Nd4 Ba4 20. Qb4
Bc6 21. Nxc6 bxc6 22. Qxe4 d5 23. Qd3 c5 24. e4 c4 25. Qg3 d4 26. e5 d3 27. Bf3
d2 28. Bxd2 Qxd2 29. Rf2 Qe3 30. Bb7 Qxg3 31. hxg3 Rc7 32. Ba6 Rd8 33. Rc1 Rd4
34. Rfc2 Rd3 35. Bxc4 Rxg3 36. Be2 Rxc2 37. Rxc2 Re3 38. Kf2 Re4 39. Kf3 {[55?}
Rxf4+ 1/2-1/2

[Event "Troy (TCC/DEU/2/6)"]
[Site "?"]
[Date "1993.??.??"]
[Round "?"]
[White "Hartwig, W."]
[Black "Bensek, A."]
[Result "0-1"]
[WhiteElo "1605"]
[BlackElo "1605"]
[PlyCount "94"]
[EventDate "1993.??.??"]

{2/(6)} 1. d4 d5 2. e3 Nf6 3. Bd3 Nc6 4. Nd2 e5 5. c3 Bd6 6. Nh3 O-O 7. O-O Re8
8. e4 dxe4 9. Nxe4 exd4 10. Nxf6+ Qxf6 11. Bg5 Qe6 12. Re1 Be5 13. Bf4 dxc3 14.
Bxh7+ Kf8 15. Ng5 Qd6 16. Qxd6+ cxd6 17. Bxe5 dxe5 18. bxc3 g6 19. f4 Kg7 20.
fxe5 Rxe5 21. h4 f6 22. Nf3 Rxe1+ 23. Rxe1 Kxh7 24. Re8 Rb8 25. g3 Bg4 26. Re3
Rd8 27. Nh2 Rd1+ 28. Nf1 Ne5 29. Kf2 Bh3 30. Nh2 Ng4+ 31. Nxg4 Bxg4 32. Re7+
Kh6 33. Re4 f5 34. Re8 g5 35. Re6+ Kh5 36. Re7 gxh4 37. Rh7+ Kg5 38. gxh4+ Kf4
39. h5 Rd2+ 40. Ke1 Re2+ 41. Kf1 Kf3 42. Rf7 Bh3+ 43. Kg1 Rg2+ 44. Kh1 Rxa2 45.
h6 Kg3 46. Rg7+ Bg4 47. h7 Ra1# 0-1

[Event "Troy (TCC/DEU/5/10)"]
[Site "?"]
[Date "1993.??.??"]
[Round "?"]
[White "Hartwig, W."]
[Black "Anderson, N."]
[Result "1-0"]
[WhiteElo "1605"]
[BlackElo "1605"]
[PlyCount "36"]
[EventDate "1993.??.??"]

{5/(10)} 1. d4 d5 2. e3 g6 3. Bd3 Bg7 4. Nd2 Nf6 5. Ngf3 Nbd7 6. Ne5 O-O 7. O-O
c5 8. c3 c4 9. Bc2 Nh5 10. g4 Nhf6 11. g5 Nh5 12. f4 f6 13. gxf6 Rxf6 14. f5
Nxe5 15. dxe5 Rf8 16. fxg6 Rxf1+ 17. Qxf1 Bxe5 18. Qf7+ Kh8 1-0

[Event "Eastpointe (EDO/5/21)"]
[Site "?"]
[Date "1993.??.??"]
[Round "?"]
[White "Hartwig, Thomas"]
[Black "Sturgis, Derreck"]
[Result "1-0"]
[WhiteElo "1605"]
[BlackElo "1605"]
[PlyCount "49"]
[EventDate "1993.??.??"]

{5/(21)} 1. e4 c5 2. Nf3 Nc6 3. d4 cxd4 4. Nxd4 Nf6 5. Nc3 e5 6. Nxc6 bxc6 7.
Bc4 Bb4 8. Bd2 Rb8 9. Rb1 Bxc3 10. Bxc3 Nxe4 11. Bxe5 O-O 12. Bxb8 Re8 13. O-O
d5 14. Be2 Bf5 15. Bf4 d4 16. Rc1 Nc5 17. Bg4 Bxg4 18. Qxg4 Qf6 19. Rfe1 Rxe1+
20. Rxe1 g6 21. Bh6 Qd8 22. Qh4 Qd7 23. Qf6 Ne6 24. Rxe6 fxe6 25. Qf8# 1-0

[Event "Eastpointe (EDO/1b/13)"]
[Site "?"]
[Date "1993.??.??"]
[Round "?"]
[White "Hartwig, Thomas"]
[Black "Morabito, Matthew"]
[Result "0-1"]
[WhiteElo "1605"]
[BlackElo "1760"]
[PlyCount "56"]
[EventDate "1993.??.??"]

1. e4 c5 2. Nf3 d6 3. d4 cxd4 4. Nxd4 Nf6 5. Nc3 g6 6. Be3 Bg7 7. Be2 O-O 8.
O-O Nc6 9. Nxc6 bxc6 10. Bd3 Qc7 11. Qf3 Rb8 12. b3 Ng4 13. Nd1 Bxa1 14. c3 Qa5
15. a4 Bxc3 16. Nxc3 Qxc3 17. Bc4 Ne5 18. Qf4 Nxc4 19. bxc4 Qxc4 20. Bxa7 Rb4
21. Rc1 Qxe4 22. Qxe4 Rxe4 23. g3 Rxa4 24. Be3 c5 25. Kg2 Bb7+ 26. f3 Ra2+ 27.
Bf2 Rfa8 28. Re1 R8a3 0-1

[Event "Troy (TCC/DEU/5/13)"]
[Site "?"]
[Date "1993.??.??"]
[Round "?"]
[White "Hartwig, Thomas"]
[Black "Janowski, A."]
[Result "1/2-1/2"]
[WhiteElo "1605"]
[BlackElo "1605"]
[PlyCount "45"]
[EventDate "1993.??.??"]

{5/(13)} 1. e4 d6 2. d4 e5 3. dxe5 dxe5 4. Qxd8+ Kxd8 5. Nf3 f6 6. Bd3 Bc5 7.
O-O Nd7 8. Nc3 c6 9. a3 Nh6 10. Bxh6 gxh6 11. Nh4 Nf8 12. Nf5 Bxf5 13. exf5 h5
14. Ne4 Be7 15. Rad1 Kc7 16. Nd2 h4 17. Nf3 h3 18. g3 Rg8 19. Kh1 Re8 20. Ng1
Bd6 21. Nxh3 e4 22. Rfe1 Nd7 23. Rxe4 1/2-1/2

[Event "Troy (TCC/DEU/2/14)"]
[Site "?"]
[Date "1993.??.??"]
[Round "?"]
[White "Hartwig, Thomas"]
[Black "Dowswell, A."]
[Result "0-1"]
[WhiteElo "1605"]
[BlackElo "1605"]
[PlyCount "68"]
[EventDate "1993.??.??"]

{2/(14)} 1. e4 e5 2. Nf3 Nc6 3. Bb5 Nf6 4. O-O Bd6 5. Re1 a6 6. Bxc6 dxc6 7. d4
Be7 8. dxe5 Qxd1 9. Rxd1 Nxe4 10. Be3 Bg4 11. Rd4 Bxf3 12. gxf3 Nc5 13. Rg4 g6
14. Bd4 Ne6 15. f4 Nxd4 16. Nc3 Nf3+ 17. Kg2 Nd4 18. Rc1 Nf5 19. Ne4 h5 20. Rg3
Nxg3 21. fxg3 h4 22. Nf6+ Bxf6 23. exf6 O-O-O 24. Re1 Rd2+ 25. Kf3 Rxh2 26. Re7
hxg3 27. Kxg3 R2h3+ 28. Kg2 R3h7 29. Kg3 b5 30. Kg4 Kb7 31. Kg5 Rd8 32. f5 gxf5
33. Kxf5 Rd5+ 34. Kg4 Rd2 0-1

[Event "Eastpointe (EDO/2/23)"]
[Site "?"]
[Date "1993.??.??"]
[Round "?"]
[White "Hartwig, Thomas"]
[Black "Bolter, C."]
[Result "1/2-1/2"]
[WhiteElo "1605"]
[BlackElo "1605"]
[PlyCount "54"]
[EventDate "1993.??.??"]

{2/(23)} 1. e4 c5 2. Nf3 a6 3. d4 cxd4 4. Nxd4 e5 5. Nf3 d6 6. Bd3 Nf6 7. h3
Be7 8. O-O O-O 9. Nc3 Nc6 10. a3 Rb8 11. Be3 b5 12. b4 Bb7 13. a4 Nxb4 14. axb5
Nxd3 15. cxd3 axb5 16. Nxb5 Ra8 17. Rxa8 Qxa8 18. Qa1 h6 19. Qxa8 Rxa8 20. Nc3
Ra3 21. Bd2 Nh5 22. d4 Nf4 23. Re1 Bf6 24. Bxf4 exf4 25. Nb5 Ra6 26. Nc3 Ra3
27. Nb5 Ra6 1/2-1/2

[Event "Troy (TCC/DEU/4/12)"]
[Site "?"]
[Date "1993.??.??"]
[Round "?"]
[White "Hartwig, Thomas"]
[Black "Bloch, S."]
[Result "1/2-1/2"]
[WhiteElo "1605"]
[BlackElo "1605"]
[PlyCount "86"]
[EventDate "1993.??.??"]

{4/(12)} 1. Nc3 e6 2. Nb5 a6 3. Nd4 Nf6 4. e3 d5 5. Be2 c6 6. Ngf3 c5 7. Nb3 b6
8. d3 Qc7 9. O-O h6 10. Nbd2 Nbd7 11. d4 a5 12. Bb5 g5 13. Bxd7+ Bxd7 14. Ne5
Bb5 15. Re1 Bd6 16. f4 a4 17. fxg5 hxg5 18. Nd3 Rh6 19. Nf3 c4 20. Nde5 Bxe5
21. Nxe5 Nd7 22. Qg4 f5 23. Qxg5 Nxe5 24. Qf4 Ra7 25. Qxe5 Qxe5 26. dxe5 Rhh7
27. b3 Rhd7 28. bxa4 Bxa4 29. Ba3 Bxc2 30. Bd6 b5 31. Re2 Bd3 32. Rb2 Rdb7 33.
a4 bxa4 34. Rxb7 Rxb7 35. Ba3 Rg7 36. Kf2 Rh7 37. h3 Rh4 38. Bb4 Re4 39. Bc3
Rh4 40. Rxa4 Bc2 41. Ra8+ Kf7 42. Ra7+ Ke8 43. Ra8+ Ke7 1/2-1/2

[Event "Troy (TCC/DEU/2/7)"]
[Site "?"]
[Date "1993.??.??"]
[Round "?"]
[White "Hartley, A."]
[Black "Wozniak, J."]
[Result "0-1"]
[WhiteElo "1605"]
[BlackElo "1605"]
[PlyCount "112"]
[EventDate "1993.??.??"]

{2/(7)} 1. e4 e5 2. Nf3 Nf6 3. Nxe5 d6 4. Nf3 Nxe4 5. Qe2 Qe7 6. d3 Nf6 7.
Qxe7+ Bxe7 8. g3 O-O 9. Bg2 d5 10. O-O c6 11. Bf4 Nbd7 12. Nbd2 Nc5 13. Rfe1
Re8 14. Re2 Ne6 15. Rae1 Bd7 16. Ng5 Nxf4 17. Rxe7 Nxg2 18. Kxg2 Rxe7 19. Rxe7
h6 20. Ngf3 Re8 21. Rxe8+ Nxe8 22. Ne5 Bf5 23. f4 f6 24. Nef3 Nd6 25. Kf2 Kf7
26. Ke3 g5 27. fxg5 hxg5 28. Nb3 Kg6 29. Na5 Kh5 30. h4 Kg4 31. hxg5 fxg5 32.
a4 Bg6 33. Ne5+ Kf5 34. Nxg6 Kxg6 35. g4 Kf6 36. Kd4 Ke6 37. Kc5 Kd7 38. Kd4 b6
39. Nb3 Ke6 40. a5 c5+ 41. Ke3 Ke5 42. axb6 axb6 43. d4+ cxd4+ 44. Nxd4 Nc4+
45. Kd3 Nxb2+ 46. Kc3 Nd1+ 47. Kd2 Nf2 48. Nf3+ Kf4 49. Nh2 Nxg4 50. Nxg4 Kxg4
51. Ke3 Kg3 52. Kd4 Kf3 53. Kxd5 g4 54. Kc6 g3 55. Kxb6 g2 56. c4 g1=Q+ 0-1